| 000 | 00576nab a2200205 a 4500 | ||
|---|---|---|---|
| 005 | 20210219161408.0 | ||
| 008 | 991125s1985 mx 000 0 spa u | ||
| 035 | _aUPN01000184446 | ||
| 100 | 1 | _aPinilla Gómez, Raquel | |
| 222 | _aREVISTA DE ESTUDIOS DE JUVENTUD | ||
| 245 | _aLa comunicación de la juventud en los blogs : nuevos diarios para nuevos tiempos | ||
| 260 | _aEspaña | ||
| 300 | _a117-126 | ||
| 362 | 0 | _a2011 No. 93, jun. | |
| 653 | 0 | _aBLOG | |
| 653 | 0 | _aINTERNET | |
| 653 | 0 | _aEXPRESION ESCRITA | |
| 653 | 0 | _aIDENTIDAD DIGITAL | |
| 905 | _aArticulo | ||
| 999 |
_c156549 _d156549 |
||